| 000 | 00629cam a2200217 a 4500 | ||
|---|---|---|---|
| 001 | 000009630 | ||
| 005 | 20200929161640.0 | ||
| 008 | 941129s1993 sp a 001 1 spa | ||
| 020 | _a8423986071 | ||
| 040 |
_aDO-SdBNP _cDLC |
||
| 082 |
_a862.42 _bP181c |
||
| 100 | 1 |
_aPalomino, Ángel, _d1919- _924484 |
|
| 245 | 1 | 3 |
_aDe carne y sexo / _cÁngel Palomino. |
| 260 |
_aMadrid : _bEspasa Calpe, _c1993. |
||
| 300 |
_a182 p. : _bil. ; _c21 cm. |
||
| 490 | 1 |
_aEspasa Humor _v7 |
|
| 650 | 4 |
_aTeatro español _93071 |
|
| 650 | 4 |
_aLiteratura española _9632 |
|
| 830 | 0 |
_aEspasa Humor ; _v7 _924485 |
|
| 910 | _aCatalogación por copia / LC | ||
| 999 |
_c9390 _d9390 |
||